| 000 | 00775nam a2200229Ia 4500 | ||
|---|---|---|---|
| 001 | 10373 | ||
| 003 | GE_BSU | ||
| 008 | 181216s||||||||xx |||||||||||||| ||und|| | ||
| 040 | _cGE_BSU | ||
| 080 | _a821.353.1–1 | ||
| 100 | _aტაბიძე,გალაქტიონ | ||
| 245 | _aოქრო აჭარის ლაჟვარდში | ||
| 245 | _bლექსები | ||
| 245 | _cრედ.ნ.მალაზონია.მხატვ.დ.ნემსაძე | ||
| 260 | _aბათუმი | ||
| 260 | _bსაბჭოთა აჭარა | ||
| 260 | _c1973 | ||
| 300 | _a116გვ.1ფ.პორტრ.15სმ. | ||
| 653 | _aლექსები | ||
| 653 | _aოქრო აჭარის ლაჟვარდში | ||
| 942 | _cBK | ||
| 999 |
_c43638 _d43638 |
||